| 000 | 00774nam a2200217 4500 | ||
|---|---|---|---|
| 001 | sa 68014506 | ||
| 003 | DLC | ||
| 005 | 20260227112632.0 | ||
| 008 | 700206r1963 ii 00010 eng | ||
| 010 | _asa 68014506 | ||
| 025 | _aPL480:I-E-10437 | ||
| 050 | 0 |
_aHJ4387.R3 _bA5 1963 |
|
| 082 | _a336.2/2 | ||
| 110 | 1 | 0 | _aRanpur (Tahsil) |
| 245 | 1 |
_aFinal report on the original survey and settlement operations of the Ranpur ex-state area in the district of Puri, 1943-1952, _cby G. N. Singh, Deputy Collector and Assistant Settlement Officer Incharge, Ranpur. |
|
| 260 | 0 |
_a[Berhampur, Ganjam, _bReprinted at Sarada Press, _c1963] |
|
| 300 |
_a3, iv, 74, xlii p. _c33 cm. |
||
| 350 | _a2.10 | ||
| 650 | 0 |
_aLand value taxation _zRanpur (Tahsil) |
|
| 700 | 1 | 0 | _aSingh, G. N. |
| 999 |
_c85846 _d85846 |
||